000 00293nam a22001217a 4500
008 260424b |||||||| |||| 00| 0 eng d
082 _a001073
100 _aNarayanachar, K S
245 _aMahabharatha Kalanirnaya
260 _aHubli
_bSahitya Prakashana
_c2008
300 _a112p
942 _2ddc
999 _c1311
_d1311